000 00725nam a2200253 4500
003 OSt
005 20260601193854.0
008 260508b2006 |||a|||| |||| 001 0 eng d
020 _a9780500286357
040 _aICI
_bspa
_cICI
050 _aNC1002
_b.A2513 2006
100 1 _aAbdullah, Rayan
_932826
245 1 _aPictograms Icons & Signs:
_bA Guide to Information Graphics
264 _bThames and Hudson
_c2006
_aLondon, UK
300 _a243 páginas
336 _atexto
_2rdacontent
337 _asin medio
_2rdamedia
338 _avolumen
_2rdacarrier
650 _aPictogramas
650 _aSeñalización gráfica
650 _aSímbolos gráficos
700 _aHübner, Roger
_eAutor
_932830
942 _2lcc
_cB
_n1
999 _c21992
_d21992